| 000 | 01019cam a2200313 a 4500 | ||
|---|---|---|---|
| 003 | CHAP | ||
| 005 | 20220329142129.0 | ||
| 008 | 990831d1995 mx a r 00110 spa d | ||
| 010 | _a78918 | ||
| 011 | _a79890 | ||
| 020 | _a9688804827 | ||
| 035 | _a90307 | ||
| 040 | _cCHAP | ||
| 082 | 0 | 4 |
_a006.6 _bH4Y 1994 |
| 100 | 0 | 0 |
_aHearn, Donald. _953252 |
| 245 | 1 | 0 |
_aGráficas por computadora _c/por Donald Hearn y M. Pauline Baker |
| 260 |
_aMéxico, D.F. : _bPrentice Hall Hispanoamericana, _c1995. |
||
| 300 |
_a686 p. : _bilus. |
||
| 500 | _aTrad. de la 2a. ed. en inglés de 1994 | ||
| 590 |
_aBATCH-UPD _b10 _c20130110 _lUCH01 _h0702 |
||
| 590 |
_aBATCH-UPD _b10 _c20130410 _lUCH01 _h0347 |
||
| 590 |
_aBATCH-UPD _b10 _c20130914 _lUCH01 _h1604 |
||
| 590 |
_aCONVERSION _b10 _c20130109 _lUCH01 _h1344 |
||
| 650 | 1 | 4 |
_aMétodos gráficos en computación. _976634 |
| 901 | _aBK | ||
| 905 | _aAlejandra Carrasco M. | ||
| 942 | _cLIBRO | ||
| 949 |
_a006.6 H4Y 1994 _bBC _cLIBRO _d33724000912994 _eLIBRO _h96263 _i90307 _si _t$190.00 |
||
| 999 |
_c78918 _d78918 |
||